|
|
|
|
| LEADER |
00000nam a2200000Ii 4500 |
| 001 |
DIGUAZUAY0059 |
| 003 |
NyNyDIG |
| 006 |
m o d |
| 007 |
cr ||||||||||| |
| 008 |
251104s2019 ec o o 000 0 spa d |
| 035 |
|
|
|a (OCoLC)1438862048
|
| 040 |
|
|
|a DGITA
|b eng
|e rda
|e pn
|c DGITA
|
| 020 |
|
|
|a 9789942822369
|q eBook
|
| 020 |
|
|
|z 9789942822352
|
| 043 |
|
|
|a s-ec---
|
| 050 |
1 |
4 |
|a QH541.15.R45 ebook
|
| 111 |
2 |
|
|a Congreso Ecuatoriano de Restauración del Paisaje
|n (2nd :
|d 2018 :
|c Cuenca, Ecuador)
|
| 245 |
1 |
0 |
|a Segundo Congreso Ecuatoriano de Restauración del Paisaje :
|b creando vínculos para la recuperación del paisaje y el bienestar social /
|c editores, Antonio Crespo, Vanessa Coronel, Diana Inga.
|
| 246 |
3 |
0 |
|a Creando vínculos para la recuperación del paisaje y el bienestar social
|
| 264 |
|
1 |
|a Cuenca, Ecuador :
|b Universidad del Azuay, Casa Editora,
|c [2019]
|
| 300 |
|
|
|a 1 online resource :
|b photographs.
|
| 336 |
|
|
|a text
|b txt
|2 rdacontent
|
| 337 |
|
|
|a computer
|b c
|2 rdamedia
|
| 338 |
|
|
|a online resource
|b cr
|2 rdacarrier
|
| 347 |
|
|
|a text file
|2 rdaft
|
| 347 |
|
|
|b PDF
|
| 500 |
|
|
|a "Libro de resúmenes, 17-20 de octubre de 2018, Cuenca-Ecuador"--Cover.
|
| 588 |
0 |
|
|a Online resource; title from PDF title page (Digitalia, viewed November 4, 2025)
|
| 650 |
|
0 |
|a Forest restoration
|z Ecuador
|v Abstracts.
|
| 650 |
|
0 |
|a Restoration ecology
|z Ecuador
|v Abstracts.
|
| 700 |
1 |
|
|a Crespo Ampudia, Antonio,
|e editor.
|
| 700 |
1 |
|
|a Coronel, Vanessa,
|e editor.
|
| 700 |
1 |
|
|a Inga, Diana,
|e editor.
|
| 791 |
2 |
|
|a Digitalia (Firm),
|e distributor.
|
| 793 |
0 |
|
|g Digitalia eBook Collection:
|a Universidad del Azuay
|
| 776 |
0 |
8 |
|i Print version:
|a Congreso Ecuatoriano de Restauración del Paisaje (2nd : 2018 : Cuenca, Ecuador).
|t Congreso Ecuatoriano de Restauración del Paisaje. (2nd : 2018 : Cuenca, Ecuador).
|d Cuenca, Ecuador : Universidad del Azuay, Casa Editora, [2019]
|z 9789942822352
|
| 856 |
4 |
0 |
|3 Digitalia Hispánica
|u https://www.digitaliapublishing.com/a/133442/
|
| 910 |
|
|
|a Premium collection: 2025
|